00748nam a2200193 a 450000100100000000500170001000800410002702000150006804000250008310000170010824501040012526000440022930000280027349000370030150001270033870000220046570000300048783000370051700004458020201002045457.0140718s2000 sp a 000 0 spa d a8479275006 aDO-SdBNPbspacBNPHU1 aKelly, Jason10aCómo ganar dinero en internet /cJason Kelly ; traducción de David Zurdo y Ángel Gutiérrez. aBarcelona :bVictor [Robinbook],c2000. a253 p. :bil. ;c20 cm.1 aEficacia empresarial-profesional aSubtítulo de la cubierta: Guía para hacer negocios en la red. Incluye las direcciones de los sitios web más útiles1 aZurdo, Davidetr.1 aGutiérrez, Ángeletr. 0aEficacia empresarial-profesional